| Tag |
First Indicator |
Second Indicator |
Subfields |
| LEADER |
00000cam a2200000 i 4500 |
| 001 |
in00004591069 |
| 006 |
m o d f |
| 007 |
cr ||||||||||| |
| 008 |
220720s2022 dcua ob f000 0 eng c |
| 005 |
20230113213904.9 |
| 035 |
|
|
|a (OCoLC)on1336710401
|
| 037 |
|
|
|a NCJ 304110
|
| 040 |
|
|
|a GPO
|b eng
|e rda
|e pn
|c GPO
|d OCLCF
|d GPO
|d MvI
|
| 042 |
|
|
|a pcc
|
| 043 |
|
|
|a n-us---
|
| 049 |
|
|
|a WWW
|
| 074 |
|
|
|a 0718-A (online)
|
| 086 |
0 |
|
|a J 28.2:R 24/4
|
| 100 |
1 |
|
|a White, Veronica M.,
|e author.
|
| 245 |
1 |
4 |
|a The NIJ recidivism forecasting challenge :
|b contextualizing the results /
|c Veronica White [and three others].
|
| 246 |
3 |
|
|a National Institute of Justice recidivism forecasting challenge :
|b contextualizing the results
|
| 264 |
|
1 |
|a Washington, DC :
|b National Institute of Justice,
|c 2022.
|
| 300 |
|
|
|a 1 online resource (ii, 29 pages) :
|b color illustrations
|
| 336 |
|
|
|a text
|b txt
|2 rdacontent
|
| 337 |
|
|
|a computer
|b c
|2 rdamedia
|
| 338 |
|
|
|a online resource
|b cr
|2 rdacarrier
|
| 500 |
|
|
|a "February 2022."
|
| 500 |
|
|
|a "NCJ 304110"--Back cover.
|
| 500 |
|
|
|a "U.S. Department of Justice, Office of Justice Programs."
|
| 500 |
|
|
|a GPO Cataloging Record Distribution Program (CRDP).
|
| 504 |
|
|
|a Includes bibliographical references.
|
| 588 |
|
|
|a Description based on online resource; title from PDF cover (OJP, viewed July 20, 2022).
|
| 650 |
|
0 |
|a Recidivism
|z United States
|x Forecasting.
|
| 650 |
|
0 |
|a Recidivism
|z United States
|x Statistical methods.
|
| 650 |
|
7 |
|a Recidivism
|x Forecasting.
|2 fast
|0 (OCoLC)fst01091367
|
| 650 |
|
7 |
|a Recidivism
|x Statistical methods.
|2 fast
|0 (OCoLC)fst01091372
|
| 651 |
|
7 |
|a United States.
|2 fast
|0 (OCoLC)fst01204155
|
| 710 |
2 |
|
|a National Institute of Justice (U.S.),
|e issuing body.
|
| 710 |
1 |
|
|a United States.
|b Office of Justice Programs.
|
| 856 |
4 |
0 |
|u https://purl.fdlp.gov/GPO/gpo175403
|t 0
|
| 999 |
f |
f |
|s b613a411-c1d3-4ae7-a512-7fc80807d983
|i e9b46cd3-1454-462b-b2a4-720fbe73a42c
|t 0
|
| 952 |
f |
f |
|a Texas A&M University
|b College Station
|c Electronic Resources
|d Available Online
|t 0
|e J 28.2:R 24/4
|h Superintendent of Documents classification
|
| 998 |
f |
f |
|a J 28.2:R 24/4
|t 0
|l Available Online
|